| 000 | 00631nam a2200205 a 4500 | ||
|---|---|---|---|
| 005 | 20230706063521.0 | ||
| 008 | 140214s2011 mx r 000 0 spa d | ||
| 020 | _a9788497889179 | ||
| 035 | _aUPN01000195813 | ||
| 049 | _aCG | ||
| 050 | 4 |
_aBF637 N6.6 _bP3.5 |
|
| 100 | 1 |
_aPatterson, Miles L. _935080 |
|
| 245 | 1 | 0 |
_aMás que palabras : _bel poder de la comunicación no verbal / _cMiles L. Patterson ; tr. Sandra Suárez. |
| 260 |
_aMadrid : _bAresta : _bUOC, _cc2011. |
||
| 300 |
_a224 p. : _bil. |
||
| 440 | 0 |
_aComunicación y sociedad ; _v4 |
|
| 650 | 4 |
_aComunicación no verbal _95510 |
|
| 905 | _aLibro | ||
| 999 |
_c167914 _d167914 |
||